00462 a2200157 4500010001400000020001000014035001300024037001800037082001200055100001800067245004900085260003100134270009400165300002500259650002000284 aENG-85438 c80.00 aEN-68971 bD.B.Act / Pub00a344.0721 aPatkar, N. G.1 aSchool tribunal at a glancecby N. G. Patkar aMumbaibPooja Samantc2005 a2, Krishna Niwas, Ist Lane, (D. V. Pradhan Road), 64, Hindu Colony, DadarbMumbaie400014 a114 p.c21 cm. (Pbk) aSchool Tribunal